书目信息 |
| 题名: |
大学生学习与创新研究
|
|
| 作者: | 苗玉青 著 | |
| 分册: | ||
| 出版信息: | 南昌 江西人民出版社 2017 |
|
| 页数: | 259页 | |
| 开本: | 24cm | |
| 丛书名: | ||
| 单 册: | ||
| 中图分类: | G642.46 , G305 | |
| 科图分类: | ||
| 主题词: | 大学生--da xue sheng--学习方法--研究 , 大学生--da xue sheng--创造教育--研究 | |
| 电子资源: | ||
| ISBN: | 978-7-210-09631-3 | |
| 000 | 00955nam0 2200277 450 | |
| 001 | 012001002756 | |
| 005 | 20131024085213.0 | |
| 010 | @a978-7-210-09631-3@dCNY44.00 | |
| 099 | @aCAL 012018102733 | |
| 100 | @a20180831d2017 ekmy0chiy50 ea | |
| 101 | 0 | @achi |
| 102 | @aCN@b360000 | |
| 105 | @ay ai 000yy | |
| 106 | @ar | |
| 200 | 1 | @a大学生学习与创新研究@Ada xue sheng xue xi yu chuang xin yan jiu@f苗玉青著 |
| 210 | @a南昌@c江西人民出版社@d2017 | |
| 215 | @a259页@d24cm | |
| 320 | @a有书目 | |
| 330 | @a本书共分为大学生学习研究;大学生创新研究两篇,其主要内容包括:大学生学习概论;大学生学习心理;大学生学习方法与策略;大学生学习的潜能开发与自信心提升;大学生创新概论等。 | |
| 606 | 0 | @a大学生@Ada xue sheng@x学习方法@x研究 |
| 606 | 0 | @a大学生@Ada xue sheng@x创造教育@x研究 |
| 690 | @aG642.46@v5 | |
| 690 | @aG305@v5 | |
| 701 | 0 | @a苗玉青@Amiao yu qing@4著 |
| 801 | 0 | @aCN@b江苏凤凰@c20191020 |
| 905 | @b1225336-9@dG642.46@e1320@f4 | |
| 大学生学习与创新研究/苗玉青著.-南昌:江西人民出版社,2017 |
| 259页;24cm |
| ISBN 978-7-210-09631-3:CNY44.00 |
| 本书共分为大学生学习研究;大学生创新研究两篇,其主要内容包括:大学生学习概论;大学生学习心理;大学生学习方法与策略;大学生学习的潜能开发与自信心提升;大学生创新概论等。 |
| ● |
| 相关链接 |
|
|
|
|
正题名:大学生学习与创新研究
索取号:G642.46/1320
 
预约/预借
| 序号 | 登录号 | 条形码 | 馆藏地/架位号 | 状态 | 备注 |
| 1 | 1225336 | 212253363 | 第一样本阅览室/ [索取号:G642.46/1320] | 在馆 | |
| 2 | 1225337 | 212253372 | 教育系资料室/ [索取号:G642.46/1320] | 在馆 | |
| 3 | 1225338 | 212253381 | 教育系资料室/ [索取号:G642.46/1320] | 在馆 | |
| 4 | 1225339 | 212253390 | 第四借阅区/ [索取号:G642.46/1320] | 在馆 |